La Justicia : (Record no. 96679)

MARC details
000 -LEADER
fixed length control field 00645nam a22002177a 4500
005 - DATE AND TIME OF LATEST TRANSACTION
control field 20150708124320.0
008 - FIXED-LENGTH DATA ELEMENTS--GENERAL INFORMATION
fixed length control field 150708b spu||||| |||| 00| 0 spa d
020 ## - INTERNATIONAL STANDARD BOOK NUMBER
International Standard Book Number 9788474324518
050 04 - LIBRARY OF CONGRESS CALL NUMBER
Classification number JC578
Item number C36 2002
100 1# - MAIN ENTRY--PERSONAL NAME
Personal name Campbell, Tom,
245 13 - TITLE STATEMENT
Title La Justicia :
Remainder of title los principales debates contemporaneos /
Statement of responsibility, etc Alvarez, Silvina, tr.
250 ## - EDITION STATEMENT
Edition statement 1a ed.
260 ## - PUBLICATION, DISTRIBUTION, ETC. (IMPRINT)
Place of publication, distribution, etc Barcelona :
Name of publisher, distributor, etc Gedisa,
Date of publication, distribution, etc 2002
300 ## - PHYSICAL DESCRIPTION
Extent 271 p. ;
Dimensions 23 cm.
490 #0 - SERIES STATEMENT
Series statement Cla.De.Ma : Filosofía del derecho
500 ## - GENERAL NOTE
General note Traducción de : Justice
504 ## - BIBLIOGRAPHY, ETC. NOTE
Bibliography, etc Incluye índice
650 #4 - SUBJECT ADDED ENTRY--TOPICAL TERM
Topical term or geographic name as entry element Justicia
700 1# - ADDED ENTRY--PERSONAL NAME
Personal name Alvarez, Silvina,
Relator term tr.
942 ## - ADDED ENTRY ELEMENTS (KOHA)
Source of classification or shelving scheme Biblioteca del Cogreso de los Estados Unidos
Koha item type Libro
Holdings
Estado de pérdida Fuente de clasificación Estado del daño No para préstamo Ubicación permanente Ubicación actual Apartado o colección Fecha de adquisición Fuente de adquisición Edición Dependencia de educación superior (DES) Área del conocimiento Total Checkouts Clasificación Código de Barras Date last seen Date checked out Número de copia Tipo de recurso
  Biblioteca del Cogreso de los Estados Unidos     Biblioteca de la Facultad de Filosofía Biblioteca de la Facultad de Filosofía General 08/07/2015 Unidad Académica Genérico 1a ed. Humanidades Educación y Humanidades 2 JC578 C36 2002 BFF000011836 03/03/2023 23/02/2023 C:1 Libro